| 000 | 00956nam a2200265Ia 4500 | ||
|---|---|---|---|
| 003 | OSt | ||
| 005 | 20220923211232.0 | ||
| 006 | a|||||r|||| 00| 0 | ||
| 007 | ta | ||
| 008 | 220922b |||||||| |||| 00| 0 hin d | ||
| 020 |
_a9788171244027 (hbk) _c750 |
||
| 024 | _a270,194 | ||
| 037 |
_b31, 07/05/2013, Eastern Book Linkers _cTextual |
||
| 040 |
_aARTS _cARTS _bhin |
||
| 041 |
_2hin _ahin |
||
| 082 | _aQ22:223:g, Q1 | ||
| 100 |
_aसप्रे, ना वि, अनु. _9159982 |
||
| 245 | 0 | _aश्रीमद् एकनाथी भागवत | |
| 246 | _aShrīmad ekanāthī bhāgavata | ||
| 260 |
_aवाराणसी _b विश्वविद्यालय प्रकाशन _c2011 |
||
| 300 |
_a851i` _ccm. |
||
| 650 | _aधर्मशास्त्र | ||
| 942 |
_hQ22:223:g, Q1 _cTEXL _2CC |
||
| 999 |
_c297387 _d297387 |
||